Professeur principal - Animer les heures de vie de classe (Record no. 3029)

MARC details
000 -LEADER
fixed length control field 01878nam a2200277 4500
008 - FIXED-LENGTH DATA ELEMENTS--GENERAL INFORMATION
fixed length control field s2004 fr fre u
020 ## - INTERNATIONAL STANDARD BOOK NUMBER
International Standard Book Number 9782866152901
040 ## - CATALOGING SOURCE
Original cataloging agency LB-BrCRDP
082 1# - DEWEY DECIMAL CLASSIFICATION NUMBER
Classification number 370.153
Item number DUB
100 1# - MAIN ENTRY--PERSONAL NAME
Personal name Wehrung, Muriel
245 10 - TITLE STATEMENT
Title Professeur principal - Animer les heures de vie de classe
Statement of responsibility, etc. Arnaud Dubois , Muriel Wehrung
260 ## - PUBLICATION, DISTRIBUTION, ETC.
Place of publication, distribution, etc. Paris
Name of publisher, distributor, etc. CRDP Amiens
Date of publication, distribution, etc. 2004
300 ## - PHYSICAL DESCRIPTION
Extent 172 p.
Dimensions 21 cm
490 1# - SERIES STATEMENT
Series statement Repères pour agir
500 ## - GENERAL NOTE
General note Sommaire, ressources.
520 ## - SUMMARY, ETC.
Summary, etc. L'heure de vie de classe permet au professeur principal d'assumer pleinement sa fonction.Centrée sur la parole des élèves, elle régule les conflits, prépare les conseils de classe, les élections des délégués ou l'orientation. Les auteurs, qui travaillent dans des collèges de Seine-Saint-Denis, articulent une réflexion sur les enjeux de cette heure avec des propositions d'activités visant à rendre les élèves acteurs. Faire de la classe un espace où chacun est appelé à s'engager dans l'institution pour trouver sa place et adhérer aux apprentissages, voilà à quoi invite ce livre qui lie apports de la recherche et expériences de terrain.Fruit d'un partenariat entre le CRAP-Cahiers pédagogiques et le CRDP de l'académie d'Amiens, la série " Dispositifs " de la collection " Repères pour agir " propose des livres alliant le concret des pratiques et une certaine théorisation, nécessaire à un emploi raisonné des " outils ". Elle s'appuie sur l'expérience d'enseignants de terrain et sur les recherches les plus en pointe.
650 4# - SUBJECT ADDED ENTRY--TOPICAL TERM
Topical term or geographic name entry element Relation maître - élève
650 4# - SUBJECT ADDED ENTRY--TOPICAL TERM
Topical term or geographic name entry element Animation d'un groupe
650 4# - SUBJECT ADDED ENTRY--TOPICAL TERM
Topical term or geographic name entry element Psychosociologie
650 4# - SUBJECT ADDED ENTRY--TOPICAL TERM
Topical term or geographic name entry element Motivation
650 4# - SUBJECT ADDED ENTRY--TOPICAL TERM
Topical term or geographic name entry element Autonomie
700 1# - ADDED ENTRY--PERSONAL NAME
Personal name Dubois, Arnaud
830 #0 - SERIES ADDED ENTRY--UNIFORM TITLE
Uniform title Repères pour agir
Name of part/section of a work Dispositifs
942 ## - ADDED ENTRY ELEMENTS (KOHA)
Koha item type Books
Holdings
Withdrawn status Lost status Source of classification or shelving scheme Damaged status Not for loan Home library Current library Shelving location Date acquired Source of acquisition Cost, normal purchase price Total Checkouts Full call number Barcode Date last seen Copy number Price effective from Koha item type
    Dewey Decimal Classification     مكتبة دار المعلمين و المعلمات - النبطية مكتبة دار المعلمين و المعلمات - النبطية Salle de Lecture 09/24/2009 Ambassade de France 14.00   371.1 DUB CRN2616 07/28/2016 1 07/28/2016 Books
    Dewey Decimal Classification     مكتبة دار المعلمين و المعلمات - بئر حسن مكتبة دار المعلمين و المعلمات - بئر حسن Salle de Lecture 10/27/2008 Ambassade de France 0.00   370.113 Dub CRB2385 07/27/2016 1 07/27/2016 Books
    Dewey Decimal Classification     مكتبة دار المعلمين و المعلمات - جونية مكتبة دار المعلمين و المعلمات - جونية Salle de Lecture 05/11/2010 Ambassade de France 14.00   370.7 DUB. CRJ4215 07/27/2016 1 07/27/2016 Books
    Dewey Decimal Classification     مكتبة دار المعلمين و المعلمات - زحلة مكتبة دار المعلمين و المعلمات - زحلة Salle de Lecture 10/08/2008 Amb. de France 14.00   370.153 DUB CRZ3225 07/27/2016 1 07/27/2016 Books
    Dewey Decimal Classification     مكتبة دار المعلمين و المعلمات - صيدا مكتبة دار المعلمين و المعلمات - صيدا Salle de Lecture 05/13/2008 Ambassade de France 14.00   370.5 DUB CRS2357 07/28/2016 1 07/28/2016 Books
    Dewey Decimal Classification     مكتبة دار المعلمين و المعلمات - طرابلس مكتبة دار المعلمين و المعلمات - طرابلس Salle de Lecture 11/07/2008 Ambassade de France 0.00   371.1 DUB CRT2647 07/27/2016 1 07/27/2016 Books